000 00782nam a22002057a 4500
003 OSt
005 20240530144613.0
008 240530b ||||| |||| 00| 0 eng d
040 _cAIMIT LIBRARY
100 _aShetty, Pratheek.
_e2016101
_9168667
245 _aStudy on financial performance analysis of south canara district central co operative bank vandse Kundapura /
_cBy Pratheek Shetty
260 _aMangaluru ;
_c2022.
650 _aIndustry profile company profile and introduction to study
_9168668
650 _aLiterature review
_9168669
650 _aResearch methodology
_9168670
650 _aData analysis and interpretation
_9168671
700 _aS Nagendra.
_eGuide
_9168672
856 _3South canara district central co -operative bank ltd.
942 _2ddc
_cPRO
999 _c230979
_d230979